00623nam a2200157 a 450000100100000000500170001000800410002704000250006810000290009324500540012226000720017630000270024804900090027595201640028499900170044800003099320200930062632.0110609s1940 dr 000 0 spa d aDO-SdBNPbspacBNPHU1 aRequena, Andrés95750410aRomances de puerto Trujillo. /cAndrés Requena. aSantiago, República Dominicana :bEditorial del el Diario,c1940. a59 p. :bil. ;c28 cm. aBNPD 0010718PDaPDbPDcCTd2011-06-09iLF1l0o p30993-10r2020-06-25w2020-06-25yLFPDzPerteneció a la biblioteca personal de Martínez Boog.ZNo se presta c30485d30485